Epítome de filosofía /

Guardado en:
Bibliografiske detaljer
Hovedforfatter: Ferguson, Osman Leonel (autor)
Format: Bog
Sprog:spansk
Udgivet: Panamá, Panamá : Ferguson and Ferguson, 1978
Udgivelse:4a edición
Fag:
Tags: Tilføj Tag
Ingen Tags, Vær først til at tagge denne postø!

MARC

LEADER 00000nam^a2200000^a^4500
001 000000878
005 20250521000000.0
009 20260310083044.444
037 |a Acervo ITESO - Biblioteca 
041 |a ESP 
082 |a 101.  |b FER 
100 |a Ferguson, Osman Leonel  |e (autor) 
245 1 0 |a Epítome de filosofía /  |c O.L. Ferguson ; pról. de José de Jesús Martínez. 
250 |a 4a edición 
264 1 |a Panamá, Panamá :  |b Ferguson and Ferguson,  |c 1978 
336 |a texto  |b txt  |2 rdacontenido 
337 |a sin mediación  |b n  |2 rdamedio 
338 |a volumen  |b nc  |2 rdasoporte 
649 |a XX 
650 |a Filosofía 
910 |a Fondo General 
920 |a Impresos - Libros 
930 |a Colección General 
905 |a 101 
901 |a 0008780200  |b IT1  |c ACC  |i 904593  |u 20250521 
902 |a https://opac.biblio.iteso.mx/vufind/Record/000000878